000
00315 a2200157 4500
001
179240
020
_a
040
_c
Magnum
100
_a
Guedes, Avelino
240
1
0
_a
Cobra-cega
_l
por
245
1
0
_a
Cobra-cega
362
0
_a
1899
440
1
_a
Moderna
697
_a
MAGNITO: I/FADAS, FANTASIA
942
_c
BK
999
_c
179240
_d
179240